Vista normal
Vista MARC
Entrada Corporate Name
Número de registros utilizados en: 1
001 - CONTROL NUMBER
- control field: 3345
003 - CONTROL NUMBER IDENTIFIER
- control field: DLC
005 - DATE AND TIME OF LATEST TRANSACTION
- control field: 20230531111715.0
008 - FIXED-LENGTH DATA ELEMENTS
- fixed length control field: 870209n| azannaabn |a ana
010 ## - LIBRARY OF CONGRESS CONTROL NUMBER
- LC control number: n 86010655
035 ## - SYSTEM CONTROL NUMBER
- System control number: (OCoLC)oca01785343
040 ## - CATALOGING SOURCE
- Original cataloging agency: DLC
- Language of cataloging: spa
- Description conventions: rda
- Transcribing agency: Mx-PuUPA
- Modifying agency: DLC
- Modifying agency: OCoLC
- Modifying agency: CMalG
- Modifying agency: Mx-PuUPA
110 2# - HEADING--CORPORATE NAME
- Corporate name or jurisdiction name as entry element: Sociedad Colombiana de Arquitectos,
374 ## - OCCUPATION
- Occupation: Autor
377 ## - ASSOCIATED LANGUAGE
- Language code: spa
410 2# - SEE FROM TRACING--CORPORATE NAME
- Corporate name or jurisdiction name as entry element: S.C.A. (Sociedad Colombiana de Arquitectos)
410 2# - SEE FROM TRACING--CORPORATE NAME
- Corporate name or jurisdiction name as entry element: SCA (Sociedad Colombiana de Arquitectos)
670 ## - SOURCE DATA FOUND
- Source citation: Bienal Colombiana de Arquitectura (10th : 1986?) Testimonio, 1986:
- Information found: t.p. (Sociedad Colombiana de Arquitectos)
670 ## - SOURCE DATA FOUND
- Source citation: Bogotá tel. dir., 1985
- Information found: (Sociedad Colombiana de Arquitectos, S.C.A., Presidencia Nacional located in Bogotá)
670 ## - SOURCE DATA FOUND
- Source citation: L.C. data base, 2-18-87
- Information found: (hdg.: Sociedad Colombiana de Arquitectos)